Statistics for How much do you know? - Arsenal

Click here to take the quiz!

General Stats

  • This quiz has been taken 58 times
  • The average score is 8 of 15

Answer Stats

QuestionAnswer% Correct
Top goalscorer all-timeThiery Henry
96%
In which year was Arsenal's last PL title2004
79%
Who did Arsenal play in their only UCL finalFC Barcelona
79%
Longest serving captainTony Adams
79%
Biggest rivalsTottenham Hotspur
79%
Longest serving coachArsene Wenger
77%
Longest unbeaten streak in the Premier League49
73%
Current most valuable playerBukayo Saka
69%
Most expensive signingDeclan Rice
63%
Nickname of the Arsenal side that finished whole season unbeatenThe Invincibles
63%
Who was Arsenal's last UCL match againstPSV Eindhoven
33%
Who was Arsenal's biggest defeat in the Premier League againstManchester United
13%
Who was Arsenal's biggest win in the Champions League againstSK Slavia Prague
8%
The least appearances needed to score 100 goalsTed Drake
6%
First Arsenal player to get an international capCaesar Jenkyns
2%

Score Distribution

Percentile by Number Answered

Percent of People with Each Score

Your Score History

You have not taken this quiz